| 000 | 00596nam a2200217Ia 4500 | ||
|---|---|---|---|
| 005 | 20250508164941.0 | ||
| 008 | 008 250505s9999 xx 000 0 eng d | ||
| 020 | _a81-250-1666-X | ||
| 037 | _aTextual | ||
| 040 |
_aFEDL _beng _cFEDL |
||
| 041 |
_aeng _2eng |
||
| 084 |
_a371.9, KAR _qFEDL |
||
| 100 | _aKaranth Prathibha | ||
| 245 | 0 | _aChildren with communication disorders | |
| 250 | _aRev. | ||
| 260 |
_aHyderabad, India _bOrient Blackswan Private Limited _c2010 |
||
| 300 | _ax,195p | ||
| 365 |
_aINR _b250 |
||
| 942 |
_cTEXL _h371.9, KAR |
||
| 999 |
_c1392233 _d1392233 |
||